Portraits in oils
| Main Author: | |
|---|---|
| Format: | Book |
| Published: |
London :
Studio Vista ,
1994
|
| Subjects: |
MARC
| LEADER | 00000cam a2200000 7i4500 | ||
|---|---|---|---|
| 001 | 0000006414 | ||
| 002 | 000006923 | ||
| 005 | 20000330.0 | ||
| 020 | |a 0289801206 | ||
| 090 | 0 | 0 | |a 751.45 |b ROD |
| 100 | 1 | |a Rodwell, Jenny | |
| 245 | 1 | 0 | |a Portraits in oils |c Jenny Rodwell |
| 260 | |a London : |b Studio Vista , |c 1994 | ||
| 300 | |a 95 p. : |b ill. ; |c 28 cm. | ||
| 650 | 0 | 0 | |a Oil painting |
| 999 | |a 038013 |b BUKU |c PINJAMAN |e PERPUSTAKAAN KOMUNITI PETALING JAYA | ||